000 00584cam a22002291 4500
001 sa 68005930
003 DLC
005 20260227112512.0
008 881102s1968 xx 000 0 hino
010 _asa 68005930
035 _a(OCoLC)23558070
040 _aDLC
_cMiU
_dDLC
042 _apremarc
043 _aa-ii---
050 0 0 _aDS421.5
_b.N28
100 1 _aNalina, Jayanātha,
_d1912-
245 1 0 _aSabhāīlāla.
260 _c[1968]
300 _a174 p.
_c19 cm.
500 _aRomanized.
651 0 _aIndia
_xSocial life and customs
_xAnecdotes, facetiae, satire, etc.
999 _c81010
_d81010